000
00322nam a2200145Ia 4500
100
_a
Davies /A.C
942
_c
BK
654
_a
welding
245
_a
The science and pratice of welding
260
_b
Cambridge unix press
_a
Cambridge
_c
1989
082
_a
671.52
_b
DAV
300
_a
472
546
_a
ENGLISH
999
_c
32716
_d
32716